000 00736nam a2200253Ia 4500
003 OSt
005 20220928112548.0
006 a|||||r|||| 00| 0
007 ta
008 220927b |||||||| |||| 00| 0 hin d
020 _cINR 300.00
024 _a134885
037 _b357, 03/03/2017, Vidyanidhi Prakashan
_cTextual
040 _aSDCL
_cSDCL
_bhin
041 _2hin
_ahin
082 _aQ1, Q6
100 _aAryendu Akhilesh
_9428790
245 0 _aVed me matrubhoomi ki vandana
260 _aDelhi
_bParimal Publications
_c2016
300 _aLix,186p.
_ccm.
650 _aSanskrit
_9391587
942 _hQ1, Q6
_cTEXL
_2CC
999 _c745296
_d745296